00665 2200193 4500001002100000005001700021008004100038035002400079082000800103090001700111100001800128245010900146260008600255300003500341500003800376504002500414650001400439990001800453YOGYA-0213000000131920130228105211.0 ind  0010-021300000001319 a657 aSK 657 Nun A aNUNUK PURWATI aAnalisis sistem akuntansi penggajian dan pengupahan: studi kasus perusahaan daerah.../oleh Nunuk Purwati aYogyakartabFakultas Keguruan dan Ilmu Pendidikan Universitas Sanata Dharmac2004 axx, 115 lbrbilus, lampc29 cm aSkripsi Universitas Sanata Dharma aBibliografi: lbr 103 aAkuntansi a44093-PD/A.12